|
|
|
|
| LEADER |
00828nam a2200217 a 4500 |
| 001 |
15652641 |
| 008 |
090715t19831954nyu 000 1 eng d |
| 010 |
|
|
|a 2009389453
|
| 040 |
|
|
|a CNB
|c CNB
|d OCLCQ
|d BTCTA
|d YDXCP
|d OCLCG
|d DLC
|
| 020 |
|
|
|a 0553293400
|
| 082 |
0 |
0 |
|a 813/.0876
|2 19
|
| 100 |
1 |
|
|a Asimov, Isaac,
|d 1920-1992.
|
| 245 |
1 |
4 |
|a The caves of steel /
|c Isaac Asimov.
|
| 250 |
|
|
|a 1st Ballantine books ed.
|
| 260 |
|
|
|a New York :
|b Ballantine Books,
|c 1983, c1954.
|
| 300 |
|
|
|a 209, [1] p. ;
|c 18 cm.
|
| 541 |
1 |
|
|e 00012382
|
| 655 |
|
7 |
|a Science fiction.
|2 gsafd
|
| 852 |
4 |
|
|a Ayesha Abed Library
|j General Shelf.
|
| 999 |
|
|
|c 7878
|d 7878
|
| 952 |
|
|
|0 0
|1 0
|2 ddc
|4 0
|6 813_087600000000000_ASI
|7 0
|9 8811
|a BRACUL
|b BRACUL
|c GEN
|d 2010-03-25
|l 9
|m 41
|o 813.0876 ASI
|p 3010012382
|r 2024-09-17
|s 2024-09-10
|t 1
|w 2010-03-25
|y BK
|x Price not available in Register
|